Responses for show #7667 - Tuesday, January 2, 2018

Contestants

[<< previous game]

Olev Jaakson, a research analyst from New York, New York

Saralee Etter, a writer from Pataskala, Ohio

Nick Spicher, a museum educator from Everett, Washington (whose 1-day cash winnings total $15,201)

[next game >>]

Jeopardy! Round responses

THE '80s: WHO SAID IT?
SYMPTOMS
ALL-AMERICAN FOOD
ANSWER THE HOMOPHONE!
SHORT STORIES
"LIGHT" MUSIC
    $200 24
Reagan

Olev
    $200 6
(Saralee: What is [*]? The--)
(Alex: Yes.)
(Saralee: Sciatic nerve?)
(Alex: Yes.)

sciatica nerve

Saralee
    $200 1
Boston

Saralee
    $200 11
hoarse/horse

Olev
    $200 16
a country

Nick
    $200 13
"Light My Fire"

Nick
    $400 25
Gloria Steinem

Saralee
    $400 7
a stroke

Saralee
    $400 2
buffalo wings

Nick
    $400 12
(Olev: What is tipsy?)
(Saralee: What is a bender?)

brews/bruise

SaraleeOlev
Triple Stumper
    $400 20
Stephen Crane

Olev
    $400 14
"You Light Up My Life"

Saralee
    $600 26
Sally Field

Saralee
    $600 8
carpal tunnel syndrome

Saralee
    $600 3
a California roll

Nick
    $600 17
assistance/assistants

Triple Stumper
    $600 21
(Saralee: Who is Nick Charles?)

Sam Spade

NickSaralee
    $600 15
Ray of Light

Triple Stumper
    $800 27
[The end-of-round signal sounds.]

Princess Diana

Nick
    $1,000 9
(Saralee: What is gallbladder disease?)

appendicitis

Saralee
    $800 4
Philadelphia cream cheese

Nick
    $800 18
build/billed

Saralee
    $800 22
"Blinded By The Light"

Nick
    $1000 10
the thyroid gland

Saralee
    $1000 5
a Denver omelet

Nick
    $1000 19
faze/phase

Triple Stumper
    $1000 23
(Saralee: What is, um, "Turn On Your Love Light"?)
...
(Alex: Less than a minute now.)

"Turn On Your Heartlight"

NickSaralee

Scores at the first commercial break (after clue 15):

Nick Saralee Olev
$3,000 $1,400 -$200

Scores at the end of the Jeopardy! Round:

Nick Saralee Olev
$6,400 $1,600 $400

Double Jeopardy! Round responses

IT'S HISTORICAL ARRESTED DEVELOPMENT
CANINE COMPANIONS
OLD TESTAMENT TRANSPORTATION
DOUBLE "O" 7-LETTER WORDS
AFRICAN ISLANDS
A BARREL FULL OF COOPERS
    $400 7
Marie Antoinette

Nick
    $400 2
Lassie

Saralee
    $400 12
a camel

Saralee
    $400 1
a rooster

Saralee
    $400 13
Madagascar

Olev
    $400 21
The Last of the Mohicans

Saralee
    $800 8
the Edsel

Saralee
    $800 3
Annie

Nick
    $800 22
the Philistines

Saralee
    $800 4
a sunroom

Saralee
    $800 15
Tanzania

Triple Stumper
    $800 27
Bradley Cooper

Olev
    $1200 9
(Neville) Chamberlain

Nick
    $1200 6
(Alex: Ren & Stimpy.)

Ren

Nick
    $1200 23
Jonah

Saralee
    $1200 5
a stoolie

Saralee
    $1200 16
Lake Victoria

Olev
    $1200 28
[The end-of-round signal sounds.]

D.B. Cooper

Olev
    $3,000 10
(Alex: Nick?)
(Nick: What is the House of Representatives?)

the U.S. Army

Nick
    $1600 19
Gromit

Saralee
    $2,000 24
(Alex: [Before Saralee wagers] About a minute to go now.)
...
(Saralee: Who are the Kohens?)

the Levites

Saralee
    $1600 14
bazooka

Nick
    $1600 17
a synagogue

Triple Stumper
    $2000 11
(George) Pickett

Saralee
    $2000 20
Astro

Nick
    $2000 25
a chariot (of fire)

Nick
    $2000 18
a palooka

Saralee
    $2000 26
Principe

Nick

Scores at the end of the Double Jeopardy! Round:

Nick Saralee Olev
$14,600 $11,600 $4,000

[wagering suggestions for these scores]

Final Jeopardy! Round responses

NOVELISTS
(Alex: This was a tough one, but I hope you weren't afraid of dealing with it.)
...
(Nick: [To Alex] Your lead-in was a little bit of a clue, I think.)
(Alex: Yeah. Who's afraid of [*]?)
OlevWho is Doris Lessing
$2,000
SaraleeWho was U
$3,600
NickWho was Wharton?
$8,601
Virginia Woolf

Final scores:

Nick Saralee Olev
$5,999 $8,000 $2,000
2nd place: $2,000 New champion: $8,000 3rd place: $1,000

Game dynamics:

Coryat scores:

Nick Saralee Olev
$17,600 $14,600 $4,000
18 R,
1 W
(including 1 DD)
21 R,
5 W
(including 2 DDs)
7 R,
1 W

Combined Coryat: $36,200

The J! Archive is created by fans, for fans. The Jeopardy! game show and all elements thereof, including but not limited to copyright and trademark thereto, are the property of Jeopardy Productions, Inc. and are protected under law. This website is not affiliated with, sponsored by, or operated by Jeopardy Productions, Inc. Join the discussion at JBoard.tv.